00388 a2200109 4500001001000000005001700010008004100027245004100068100002300109773012900132999001700261ART_2364520260410161932.0260409a 10aTamaño óptimo de las inversiones1 aVisintini, Alfredo0 tRevista de la Facultad de Ciencias Económicas de la Universidad de Cuyog- Año XXV, Nº 73/75 (ene./dic. 1973)wREV22981 c28690d28690